000 01206nam a2200349 i 4500
001 000026476
003 DO-SdBNP
005 20250624095821.0
007 ta
008 110321s2021 dr 001 0 spa d
020 _a9789945250053 v.2
020 _a9789945250046 v.1
040 _aDO-SdBNP
_bspa
_cBNPHU
_erda
082 4 _aRD868.44
_bZ18ó,
_22021.
100 1 _aZaglul, Antonio,
_d1920-1996
_eautor
_4aut.
_969657
245 1 0 _aObras selectas /
_cAntonio Zaglul ; editor, Andrés Blanco Díaz.
250 _aSegunda edición
264 1 _aSanto Domingo
_bBanreReservas,
_c2021.
300 _a2 volumenes ;
_c28 cm.
336 _atexto
_btxt
_2rdacontent
338 _avolumen
_bnc
_2rdacarrier
490 1 _aArchivo General de la Nación
_v428
500 _aIncluye índice
590 _aInventariado, 2022 / DG
600 1 0 _aBlanco Díaz, Andrés
_d1954 -
_9172
650 4 _aMédicos
_zRepública Dominicana
_920442
_vBiografías
650 4 _aAtención al enfermo
_920443
_zRepública Dominicana
650 4 _a Enfermos mentales
_z República Dominicana
_931208
700 1 _aBlanco Díaz, Andrés,
_eeditor
_4ed.
_9172
910 _aDG/Validado. Control de calidad MFF
942 _2ddc
_cLBS1
999 _c52081
_d52081